|
|
|
|
| LEADER |
01452nam a2200397Ia 4500 |
| 001 |
EBC2097873 |
| 003 |
MiAaPQ |
| 005 |
20200520144314.0 |
| 006 |
m o d | |
| 007 |
cr cn||||||||| |
| 008 |
990824s1998 ncu s 000 0 eng d |
| 020 |
|
|
|z 9781932973013
|
| 020 |
|
|
|z 1882197372
|
| 035 |
|
|
|a (MiAaPQ)EBC2097873
|
| 035 |
|
|
|a (Au-PeEL)EBL2097873
|
| 035 |
|
|
|a (CaPaEBR)ebr10185367
|
| 035 |
|
|
|a (CaONFJC)MIL100102
|
| 035 |
|
|
|a (OCoLC)765818803
|
| 040 |
|
|
|a MiAaPQ
|c MiAaPQ
|d MiAaPQ
|
| 050 |
|
4 |
|a HF5549.5.C35
|b M3 1998
|
| 082 |
0 |
4 |
|a 650.14
|2 22
|
| 100 |
1 |
|
|a McCauley, Cynthia D.
|q (Cynthia Denise),
|d 1958-
|
| 245 |
1 |
0 |
|a Reaching your development goals
|h [electronic resource] /
|c Cynthia D. McCauley and Jennifer W. Martineau.
|
| 260 |
|
|
|a Greensboro, NC :
|b Center for Creative Leadership,
|c c1998.
|
| 300 |
|
|
|a 25 p.
|
| 490 |
1 |
|
|a Ideas into action guidebooks
|
| 500 |
|
|
|a "For the practicing manager"--Cover.
|
| 533 |
|
|
|a Electronic reproduction. Ann Arbor, MI : ProQuest, 2015. Available via World Wide Web. Access may be limited to ProQuest affiliated libraries.
|
| 650 |
|
0 |
|a Career development.
|
| 650 |
|
0 |
|a Management.
|
| 655 |
|
4 |
|a Electronic books.
|
| 700 |
1 |
|
|a Martineau, Jennifer W.
|
| 710 |
2 |
|
|a Center for Creative Leadership.
|
| 710 |
2 |
|
|a ProQuest (Firm)
|
| 830 |
|
0 |
|a Ideas into action guidebooks.
|
| 856 |
4 |
0 |
|u https://ebookcentral.proquest.com/lib/matrademy/detail.action?docID=2097873
|z Click to View
|